[Event "BRA-ch (Women) 60th"]
[Site "Cuiaba"]
[Date "2021.10.31"]
[Round "5"]
[White "Heinrichs, Vivian"]
[Black "Viaro Baccarin, Natalia"]
[Result "1-0"]
[WhiteElo "1974"]
[BlackElo "1865"]
[PlyCount "81"]
[EventDate "2021.10.28"]
[EventType "swiss"]
[EventRounds "11"]
[EventCountry "BRA"]
[SourceTitle "CBM 205 Extra"]
[Source "ChessBase"]
[SourceDate "2022.01.31"]
[SourceVersion "1"]
[SourceVersionDate "2022.01.31"]
[SourceQuality "1"]

1. e4 c5 2. b4 cxb4 3. a3 e5 4. Bb2 d6 5. axb4 Be6 6. Nf3 Nf6 7. Nc3 Be7 8. d4 0-0 9. b5 Nbd7 10. Be2 h6 11. 0-0 a5 12. bxa6 bxa6 13. h3 exd4 14. Nxd4 Nc5 15. Nc6 Qc7 16. Nd5 Nxd5 17. exd5 Bf5 18. Re1 Bg5 19. Bg4 Qd7 20. Bxf5 Qxf5 21. Qd4 Qf6 22. Qxf6 Bxf6 23. Bxf6 gxf6 24. Ne7+ Kh7 25. Nf5 Rfd8 26. Ra3 a5 27. c4 a4 28. Nd4 Rd7 29. Rb1 Rb7 30. Rxb7 Nxb7 31. Nb5 Ra6 32. Kf1 Kg6 33. Ke2 Nc5 34. Ke3 Kf5 35. Kd4 Nb3+ 36. Kc3 Ke5 37. Kb4 Nc5 38. Re3+ Kf4 39. Nxd6 Nb3 40. Nb5 Na1 41. Nd4 1-0

[Event "Rio de Janeiro Duchamp op 3rd"]
[Site "Rio de Janeiro"]
[Date "2019.12.08"]
[Round "3"]
[White "Von Buelow, Georg"]
[Black "Heinrichs, Vivian"]
[Result "1/2-1/2"]
[WhiteElo "2363"]
[BlackElo "1990"]
[PlyCount "47"]
[EventDate "2019.12.07"]
[EventType "swiss"]
[EventRounds "9"]
[EventCountry "BRA"]
[SourceTitle "EXT 2021"]
[Source "ChessBase"]
[SourceDate "2020.10.23"]
[SourceVersion "1"]
[SourceVersionDate "2020.10.23"]
[SourceQuality "1"]

1. Nf3 d5 2. d4 c6 3. c4 Nf6 4. e3 Bf5 5. Nc3 e6 6. Qb3 Qb6 7. c5 Qc7 8. Nh4 Bg6 9. g3 Nbd7 10. Bg2 e5 11. Bd2 Be7 12. f4 exd4 13. exd4 Be4 14. Nxe4 Nxe4 15. Nf5 Bf8 16. Bxe4 dxe4 17. g4 g6 18. Ng3 Bg7 19. Nxe4 0-0 20. Qd3 Nf6 21. Nxf6+ Bxf6 22. 0-0-0 Rad8 23. Be3 Rd5 24. Qe4 1/2-1/2

[Event "Sao Paulo U2300 op 7th"]
[Site "Sao Paulo"]
[Date "2018.03.31"]
[Round "3"]
[White "Ichimura G Barbosa, Larissa Yuki"]
[Black "Heinrichs, Vivian"]
[Result "0-1"]
[WhiteElo "1937"]
[BlackElo "1989"]
[PlyCount "88"]
[EventDate "2018.03.30"]
[EventType "swiss"]
[EventRounds "6"]
[EventCountry "BRA"]
[SourceTitle "CBM 183 Extra"]
[Source "ChessBase"]
[SourceDate "2018.04.19"]
[SourceVersion "1"]
[SourceVersionDate "2018.04.19"]
[SourceQuality "1"]

1. e4 c5 2. Nf3 a6 3. d4 cxd4 4. Nxd4 Nf6 5. Nc3 e5 6. Nf3 Bb4 7. Bc4 Qc7 8. Qd3 0-0 9. 0-0 b5 10. Bb3 Bb7 11. Ng5 Bxc3 12. bxc3 h6 13. Nxf7 Rxf7 14. Bxf7+ Kxf7 15. f4 Bxe4 16. Qg3 Nc6 17. fxe5 Qxe5 18. Bf4 Qc5+ 19. Rf2 Qh5 20. Raf1 Qg6 21. Qh4 Rh8 22. Bg5 Qxg5 23. Qxe4 Re8 24. Qh7 Re6 25. Qd3 Ne5 26. Qd5 Kg6 27. Qd4 Kh7 28. Rf5 Nc6 29. Qd1 Qg6 30. h4 Qg4 31. Qxg4 Nxg4 32. Rc5 Nce5 33. Rc8 h5 34. Rf5 Nf6 35. a4 bxa4 36. Rf4 Neg4 37. Rc5 Re1+ 38. Rf1 Re2 39. Ra5 Rxc2 40. Rxa4 Rxc3 41. Rxa6 Ne3 42. Rf3 Nfg4 43. Ra1 Rc2 44. Rg3 Re2 0-1

[Event "Sao Paulo U2300 op 7th"]
[Site "Sao Paulo"]
[Date "2018.03.30"]
[Round "2"]
[White "Heinrichs, Vivian"]
[Black "Dos Santos, Haroldo Cunha Jr"]
[Result "0-1"]
[WhiteElo "1989"]
[BlackElo "2116"]
[PlyCount "80"]
[EventDate "2018.03.30"]
[EventType "swiss"]
[EventRounds "6"]
[EventCountry "BRA"]
[SourceTitle "CBM 183 Extra"]
[Source "ChessBase"]
[SourceDate "2018.04.19"]
[SourceVersion "1"]
[SourceVersionDate "2018.04.19"]
[SourceQuality "1"]

1. e4 e5 2. Nf3 Nc6 3. Bc4 Bc5 4. c3 Qe7 5. 0-0 Nf6 6. d4 Bb6 7. a4 a6 8. d5 Nb8 9. a5 Ba7 10. Bd3 d6 11. Nbd2 c6 12. c4 0-0 13. h3 Nh5 14. Re1 Nf4 15. Bc2 Bxh3 16. gxh3 Qd7 17. Ng5 h6 18. Ndf3 hxg5 19. Nxg5 Nxh3+ 20. Nxh3 Qxh3 21. Be3 Bxe3 22. Rxe3 Qh4 23. Kg2 g6 24. Rh3 Qg5+ 25. Rg3 Qf4 26. Raa3 c5 27. Rg4 Qf6 28. Qh1 Rd8 29. Rh3 Nd7 30. Rf3 Qg7 31. Qh4 Nf8 32. Ba4 Nh7 33. Qe7 Rab8 34. Bd7 Nf6 35. Rxf6 Rxd7 36. Qxd7 Qxf6 37. Rg3 Qd8 38. Qa4 Kg7 39. Qa1 Qh4 40. Re3 Qg4+ 0-1

[Event "Brasilia Terraviva op"]
[Site "Brasilia"]
[Date "2018.01.13"]
[Round "5"]
[White "Garcia, Gabriel Gonzaga"]
[Black "Heinrichs, Vivian"]
[Result "1-0"]
[WhiteElo "2199"]
[BlackElo "1991"]
[PlyCount "57"]
[EventDate "2018.01.11"]
[EventType "swiss"]
[EventRounds "7"]
[EventCountry "BRA"]
[SourceTitle "CBM 182 Extra"]
[Source "ChessBase"]
[SourceDate "2018.02.23"]
[SourceVersion "1"]
[SourceVersionDate "2018.02.23"]
[SourceQuality "1"]

1. e4 d5 2. exd5 Nf6 3. Bb5+ Bd7 4. Be2 c6 5. Nf3 cxd5 6. 0-0 Nc6 7. d4 e6 8. Bf4 Be7 9. Nbd2 0-0 10. h3 Rc8 11. c3 a6 12. Bd3 b5 13. Nb3 Ne4 14. Qe2 f5 15. a4 bxa4 16. Rxa4 Qb6 17. Nc5 Nxc5 18. dxc5 Qxc5 19. Rxa6 Bf6 20. Be3 Qe7 21. b4 d4 22. Nxd4 Nxd4 23. cxd4 Qxb4 24. Rb1 Qc3 25. Ra7 Rcd8 26. Bc4 Kh8 27. Rb3 Bxd4 28. Rxc3 Bxc3 29. Qd3 1-0

[Event "Brasilia Terraviva op"]
[Site "Brasilia"]
[Date "2018.01.12"]
[Round "2"]
[White "Heinrichs, Vivian"]
[Black "De Moraes, Daniel Cerqueira"]
[Result "1-0"]
[WhiteElo "1991"]
[BlackElo "1469"]
[PlyCount "101"]
[EventDate "2018.01.11"]
[EventType "swiss"]
[EventRounds "7"]
[EventCountry "BRA"]
[SourceTitle "CBM 182 Extra"]
[Source "ChessBase"]
[SourceDate "2018.02.23"]
[SourceVersion "1"]
[SourceVersionDate "2018.02.23"]
[SourceQuality "1"]

1. e4 Nf6 2. e5 Nd5 3. c4 Nb6 4. d4 d6 5. exd6 cxd6 6. Nc3 Nc6 7. Be3 g6 8. Bd3 Bg7 9. Nge2 Qc7 10. Rc1 0-0 11. b3 e5 12. d5 Nb4 13. Bb1 Nd7 14. a3 Na6 15. Nb5 Qb8 16. b4 b6 17. 0-0 Nf6 18. f3 Bd7 19. Nec3 Ne8 20. Qd2 Qc8 21. Bd3 Nb8 22. Ne4 Bxb5 23. cxb5 Qb7 24. Be2 Nd7 25. Rc6 Qb8 26. Rfc1 Ndf6 27. Nf2 Qd8 28. a4 Rb8 29. Bg5 Qd7 30. a5 Rb7 31. Be3 Qd8 32. axb6 axb6 33. Ra1 Nc7 34. Rxb6 Rxb6 35. Bxb6 Nfxd5 36. Ba5 Qb8 37. Rd1 e4 38. Nxe4 f5 39. Nf2 Be5 40. Bc4 Kg7 41. Bxd5 Nxb5 42. Bc4 Rc8 43. Qd5 Nc3 44. Qf7+ Kh8 45. Re1 Rxc4 46. Qxc4 Qe8 47. f4 d5 48. Qxc3 d4 49. Qc5 Qa4 50. Qxe5+ Kg8 51. Qe8+ 1-0

[Event "Brazil AXPG op 1st"]
[Site "Ponta Grossa"]
[Date "2017.10.28"]
[Round "4"]
[White "Wilberger, Marcelo"]
[Black "Heinrichs, Vivian"]
[Result "0-1"]
[WhiteElo "1619"]
[BlackElo "2005"]
[PlyCount "54"]
[EventDate "2017.10.26"]
[EventType "swiss"]
[EventRounds "7"]
[EventCountry "BRA"]
[SourceTitle "CBM 181 Extra"]
[Source "ChessBase"]
[SourceDate "2017.12.12"]
[SourceVersion "1"]
[SourceVersionDate "2017.12.12"]
[SourceQuality "1"]

1. Nf3 d5 2. g3 c6 3. Bg2 Bg4 4. Ne5 Bf5 5. g4 Bc8 6. h3 f6 7. Nf3 e5 8. d3 Bd6 9. c4 d4 10. e3 c5 11. Bd2 Nc6 12. Qc2 Nge7 13. 0-0 0-0 14. exd4 exd4 15. a3 a5 16. Bc1 Ng6 17. Nbd2 Nf4 18. Ne4 Nxg2 19. Kxg2 f5 20. Nxd6 fxg4 21. hxg4 Qxd6 22. Nh2 Ne5 23. f3 Qg6 24. Qe2 Nxd3 25. Rd1 Nxc1 26. Raxc1 Re8 27. Qf2 Bd7 0-1

[Event "Brazil AXPG op 1st"]
[Site "Ponta Grossa"]
[Date "2017.10.27"]
[Round "2"]
[White "Delgado Ramirez, Neuris"]
[Black "Heinrichs, Vivian"]
[Result "1-0"]
[WhiteElo "2611"]
[BlackElo "2005"]
[PlyCount "59"]
[EventDate "2017.10.26"]
[EventType "swiss"]
[EventRounds "7"]
[EventCountry "BRA"]
[SourceTitle "CBM 181 Extra"]
[Source "ChessBase"]
[SourceDate "2017.12.12"]
[SourceVersion "1"]
[SourceVersionDate "2017.12.12"]
[SourceQuality "1"]

1. e4 d5 2. exd5 Nf6 3. c4 e6 4. d4 exd5 5. Nf3 Bb4+ 6. Nc3 0-0 7. Bg5 Qe8+ 8. Be2 Ne4 9. Bd2 Bxc3 10. Bxc3 Nxc3 11. bxc3 dxc4 12. 0-0 b5 13. Re1 Qd8 14. Ne5 Bb7 15. Rb1 a6 16. Bxc4 Nd7 17. Bb3 Nxe5 18. Rxe5 Qd7 19. Qe2 Rae8 20. Re1 Rxe5 21. Qxe5 g6 22. h3 Qc6 23. d5 Qc5 24. h4 h5 25. Qg5 Bc8 26. Re3 Bf5 27. Rf3 Bg4 28. Rf6 Qxc3 29. d6 Kh7 30. Bxf7 1-0

[Event "Caioba Telecom op"]
[Site "Caioba"]
[Date "2017.09.29"]
[Round "4"]
[White "Setti, Dalmarino"]
[Black "Heinrichs, Vivian"]
[Result "0-1"]
[WhiteElo "1645"]
[BlackElo "2005"]
[PlyCount "158"]
[EventDate "2017.09.28"]
[EventType "swiss"]
[EventRounds "8"]
[EventCountry "BRA"]
[SourceTitle "EXT 2018"]
[Source "ChessBase"]
[SourceDate "2017.10.13"]
[SourceVersion "1"]
[SourceVersionDate "2017.10.13"]
[SourceQuality "1"]

1. d4 Nf6 2. c4 e6 3. Nc3 Bb4 4. a3 Bxc3+ 5. bxc3 c5 6. Qc2 Nc6 7. e3 0-0 8. Bd3 b6 9. Ne2 Ba6 10. Ng3 Na5 11. Qe2 Rc8 12. e4 Ne8 13. 0-0 cxd4 14. cxd4 Bxc4 15. Bd2 b5 16. Bb4 d6 17. Rad1 Bxd3 18. Rxd3 Nc4 19. e5 a5 20. Bc3 d5 21. f4 Nxa3 22. f5 b4 23. Bd2 Nc4 24. Bc1 a4 25. Qg4 Kh8 26. fxe6 Rc7 27. Rdf3 f6 28. Bf4 Rb7 29. Nf5 Qb6 30. Kh1 Qxe6 31. Rh3 g6 32. Qxg6 Rg8 33. Qh5 fxe5 34. dxe5 Qg6 35. Qxg6 Rxg6 36. Nd4 Rf7 37. Kg1 b3 38. Nxb3 axb3 39. Rxb3 Rb6 40. Rd3 Nc7 41. g3 Kg7 42. Re1 Re6 43. Bc1 Rf5 44. Bf4 Nxe5 45. Bxe5+ Rfxe5 46. Red1 Re1+ 47. Kg2 R6e2+ 48. Kh3 Rxd1 49. Rxd1 Re4 50. Rd2 d4 51. Kg2 Ne6 52. h4 Nc5 53. Rc2 Ne6 54. Kf3 Re3+ 55. Kf2 Kf6 56. Ra2 h6 57. Ra5 Re5 58. Ra6 Kf5 59. Kf3 h5 60. Rd6 Re3+ 61. Kf2 Ke5 62. Ra6 Kf6 63. Rd6 Re5 64. Kf3 Ke7 65. Ra6 d3 66. Ra2 Kf6 67. g4 Nd4+ 68. Kf4 hxg4 69. Rd2 Ne6+ 70. Kxg4 Nc5 71. Kf3 Kf5 72. h5 Kg5 73. Rh2 Kh6 74. Rd2 Kxh5 75. Rh2+ Kg5 76. Rg2+ Kf5 77. Rd2 Ke6 78. Ra2 Kd5 79. Kf2 Kc4 0-1

[Event "Aldeia de Barueri op"]
[Site "Aldeia de Barueri"]
[Date "2017.08.06"]
[Round "5"]
[White "Heinrichs, Vivian"]
[Black "Takano, Nicholas Ryo"]
[Result "1-0"]
[WhiteElo "1993"]
[BlackElo "1784"]
[PlyCount "97"]
[EventDate "2017.08.04"]
[EventType "swiss"]
[EventRounds "6"]
[EventCountry "BRA"]
[SourceTitle "CBM 180 Extra"]
[Source "ChessBase"]
[SourceDate "2017.10.06"]
[SourceVersion "1"]
[SourceVersionDate "2017.10.06"]
[SourceQuality "1"]

1. e4 c5 2. Nf3 g6 3. Bc4 Bg7 4. c3 Nc6 5. d4 cxd4 6. cxd4 d6 7. Nc3 a6 8. a4 e6 9. 0-0 Nge7 10. Be3 0-0 11. Qd2 d5 12. exd5 Nxd5 13. Bxd5 exd5 14. Bh6 Bg4 15. Bxg7 Kxg7 16. Ne5 Nxe5 17. dxe5 Be6 18. Rad1 Qc7 19. Rfe1 Rad8 20. Qg5 Rfe8 21. Rd4 Qe7 22. Qd2 Rd7 23. b4 Rc8 24. h3 Rc4 25. Nd1 Rxd4 26. Qxd4 Qg5 27. Ne3 Rc7 28. Kh2 Qd8 29. Rd1 Rd7 30. b5 axb5 31. axb5 Qc7 32. b6 Qc6 33. Rd2 Qc8 34. Rc2 Qb8 35. f4 Qd8 36. f5 gxf5 37. Rf2 f6 38. Nxf5+ Bxf5 39. Rxf5 Rf7 40. exf6+ Rxf6 41. Rxd5 Qxb6 42. Rd7+ Kh8 43. Qe4 Rf7 44. Qe8+ Kg7 45. Qxf7+ Kh6 46. Qxh7+ Kg5 47. Rd5+ Kf4 48. Qf5+ Ke3 49. Rd3+ 1-0

[Event "BRA-ch sf (Women)"]
[Site "Icara"]
[Date "2017.07.01"]
[Round "4"]
[White "Nazario Sebastiao, Mariani"]
[Black "Heinrichs, Vivian"]
[Result "0-1"]
[WhiteElo "1530"]
[BlackElo "2017"]
[PlyCount "90"]
[EventDate "2017.06.29"]
[EventType "swiss"]
[EventRounds "7"]
[EventCountry "BRA"]
[SourceTitle "CBM 179 Extra"]
[Source "ChessBase"]
[SourceDate "2017.08.23"]
[SourceVersion "1"]
[SourceVersionDate "2017.08.23"]
[SourceQuality "1"]

1. e4 c5 2. Nf3 e6 3. d4 cxd4 4. Nxd4 a6 5. Bd3 Nf6 6. 0-0 Qc7 7. a3 d6 8. Nc3 Be7 9. Be3 b5 10. f4 Bb7 11. Qe1 Ng4 12. Kh1 Nxe3 13. Qxe3 Bf6 14. Qf2 Nd7 15. f5 e5 16. Nde2 Nc5 17. Ng3 h5 18. Qf3 h4 19. Nh5 Nd7 20. Qg4 Ke7 21. Rad1 Rh6 22. Be2 Rah8 23. Nxf6 gxf6 24. Nd5+ Bxd5 25. Rxd5 Nb6 26. Rd2 Rd8 27. Qg7 Rhh8 28. Qg4 Qc6 29. Rfd1 Na4 30. c3 Nc5 31. Rd5 Na4 32. R1d2 Nb6 33. R5d3 Nc4 34. Rc2 Qc5 35. b4 Qb6 36. Qh3 Rdg8 37. Rf3 Qc6 38. Bxc4 Qxc4 39. Rcf2 Qxe4 40. Rf1 Rg5 41. Rd3 Rhg8 42. Rdf3 Qc4 43. g3 hxg3 44. hxg3 Qc6 45. Rd1 Rh8 0-1

[Event "Curitiba IEP&Copel op"]
[Site "Curitiba"]
[Date "2017.05.14"]
[Round "6"]
[White "Heinrichs, Vivian"]
[Black "Boabaid, Jorge Alberto Duard"]
[Result "1-0"]
[WhiteElo "2011"]
[BlackElo "1838"]
[PlyCount "105"]
[EventDate "2017.05.12"]
[EventType "swiss"]
[EventRounds "6"]
[EventCountry "BRA"]
[SourceTitle "CBM 178 Extra"]
[Source "ChessBase"]
[SourceDate "2017.06.22"]
[SourceVersion "1"]
[SourceVersionDate "2017.06.22"]
[SourceQuality "1"]

1. e4 c5 2. Nf3 Nc6 3. Bb5 a6 4. Bxc6 bxc6 5. 0-0 g6 6. Re1 Bh6 7. Nc3 Nf6 8. e5 Nd5 9. Ne4 0-0 10. Nxc5 d6 11. Ne4 Bg4 12. d4 Bxc1 13. Rxc1 dxe5 14. dxe5 Nf4 15. Ned2 Qd7 16. Re4 g5 17. Qe1 h6 18. h3 Bh5 19. Qe3 Nd5 20. Qa3 Bg6 21. e6 fxe6 22. Ne5 Qa7 23. Re2 Nf4 24. Re3 Be8 25. c4 c5 26. Ndf3 Rd8 27. Rce1 Rd6 28. Kh2 Kh7 29. g3 Nh5 30. Qc3 Qb7 31. R1e2 Nf6 32. a3 Rb6 33. Qc2+ Kg7 34. Ne1 Bh5 35. g4 Be8 36. N1d3 Qc7 37. Kg1 h5 38. b4 cxb4 39. axb4 hxg4 40. hxg4 Rh8 41. f3 Rh6 42. Rg2 Rd6 43. Qf2 Rd4 44. Rh2 Rxh2 45. Qxh2 Ba4 46. Qa2 Bc6 47. Qc2 Be8 48. Re2 Qd6 49. Qd2 Nh7 50. Qe3 Kf6 51. Nc5 Rd1+ 52. Kg2 Ra1 53. Ne4+ 1-0

[Event "Curitiba IEP&Copel op"]
[Site "Curitiba"]
[Date "2017.05.14"]
[Round "5"]
[White "Lopes, Rafael"]
[Black "Heinrichs, Vivian"]
[Result "1/2-1/2"]
[WhiteElo "1867"]
[BlackElo "2011"]
[PlyCount "159"]
[EventDate "2017.05.12"]
[EventType "swiss"]
[EventRounds "6"]
[EventCountry "BRA"]
[SourceTitle "CBM 178 Extra"]
[Source "ChessBase"]
[SourceDate "2017.06.22"]
[SourceVersion "1"]
[SourceVersionDate "2017.06.22"]
[SourceQuality "1"]

1. e4 c5 2. Nc3 a6 3. Nf3 e6 4. d4 cxd4 5. Nxd4 b5 6. a3 Bb7 7. Be2 Qc7 8. Be3 Nf6 9. f3 d6 10. 0-0 Nbd7 11. Qe1 d5 12. exd5 Nxd5 13. Nxd5 Bxd5 14. Rc1 Bd6 15. Qh4 0-0 16. Bd3 g6 17. Bh6 Rfe8 18. Rfd1 Rac8 19. Kh1 Be7 20. Qh3 Bf6 21. c3 Nc5 22. Bc2 Nb7 23. Ne2 Bc4 24. Nf4 Nc5 25. Qg4 Kh8 26. Nh3 Bb3 27. Bf4 e5 28. Be3 Be6 29. Qg3 Bxh3 30. Qxh3 Ne6 31. Bb3 Kg8 32. Rd2 Rcd8 33. Rcd1 Rxd2 34. Rxd2 h5 35. Qg3 Qe7 36. Qe1 Bg5 37. Bxe6 fxe6 38. Bxg5 Qxg5 39. Re2 Rd8 40. h4 Qf6 41. Rxe5 Rd6 42. Re4 Qd8 43. Qg3 Kf7 44. Qf4+ Kg7 45. Qe5+ Kh7 46. Kh2 Qe7 47. Rd4 Rxd4 48. Qxd4 e5 49. Qe3 Kg7 50. Qg5 Qc7 51. Kg1 Qd6 52. Qe3 Qd1+ 53. Kf2 Qc2+ 54. Qe2 Qf5 55. Qe4 Qf6 56. g3 Qb6+ 57. Qe3 Qd6 58. Ke2 Qe6 59. Qe4 Kh7 60. Kf2 Qb6+ 61. Qe3 Qd6 62. Ke2 Qe6 63. Kd2 Qb3 64. Kc1 Qe6 65. Kc2 Qf6 66. Qe4 Qd6 67. Qd3 Qb6 68. Qe2 Qc5 69. Kd3 Qd6+ 70. Ke4 Qf6 71. Qe3 Qf5+ 72. Kd5 e4+ 73. Kd4 exf3 74. Qf2 Qb1 75. Ke3 Qd1 76. Qxf3 Qc1+ 77. Kd4 Qxb2 78. Qf7+ Kh6 79. Qf4+ Kh7 80. Qf7+ 1/2-1/2

[Event "BRA-ch (Women) 56th"]
[Site "Rio de Janeiro"]
[Date "2017.02.17"]
[Round "2"]
[White "Heinrichs, Vivian"]
[Black "Coelho, Tatiane Cristina"]
[Result "0-1"]
[WhiteElo "1985"]
[BlackElo "1776"]
[PlyCount "128"]
[EventDate "2017.02.16"]
[EventType "tourn"]
[EventRounds "9"]
[EventCountry "BRA"]
[EventCategory "9"]
[SourceTitle "CBM 177 Extra"]
[Source "ChessBase"]
[SourceDate "2017.04.27"]
[SourceVersion "1"]
[SourceVersionDate "2017.04.27"]
[SourceQuality "1"]

1. e4 e5 2. Nf3 Nc6 3. d4 exd4 4. Nxd4 Bb4+ 5. c3 Bc5 6. Be3 Bb6 7. Be2 Nf6 8. Bf3 Ne5 9. Nd2 Nd3+ 10. Ke2 Ne5 11. h3 d5 12. Qc2 0-0 13. Rae1 c5 14. N4b3 d4 15. cxd4 cxd4 16. Bxd4 Bxd4 17. Kf1 Qb6 18. Nxd4 Qxd4 19. Re3 Be6 20. Nb3 Qc4+ 21. Qxc4 Bxc4+ 22. Kg1 Nxf3+ 23. gxf3 Rad8 24. Kg2 Rd3 25. Rhe1 Rfd8 26. Nc1 Rxe3 27. Rxe3 h6 28. Rc3 Be6 29. Nd3 Nh5 30. Nb4 Nf4+ 31. Kh2 Nxh3 32. Kg3 Ng5 33. Rc7 Rd7 34. Rc8+ Kh7 35. Rc3 Rd4 36. a3 a5 37. Nd3 Rc4 38. Rb3 Rc7 39. Rb6 Bc4 40. Ne5 Be2 41. Kf4 f6 42. Ke3 Bd1 43. f4 Nf7 44. Nxf7 Rxf7 45. e5 fxe5 46. fxe5 h5 47. f4 h4 48. e6 Re7 49. f5 Bc2 50. Kf4 h3 51. f6 gxf6 52. Rb5 Kg6 53. Kg3 Bf5 54. Rxa5 Rxe6 55. Ra4 Re2 56. Rh4 Rxb2 57. a4 Kg5 58. Rh8 Rb3+ 59. Kf2 Rb2+ 60. Kg3 Rg2+ 61. Kf3 Bg4+ 62. Ke3 h2 63. a5 Bh5 64. Rg8+ Kf5 0-1

[Event "BRA-ch (Women) 56th"]
[Site "Rio de Janeiro"]
[Date "2017.02.16"]
[Round "1"]
[White "Alboredo, Julia"]
[Black "Heinrichs, Vivian"]
[Result "0-1"]
[WhiteElo "2080"]
[BlackElo "1985"]
[PlyCount "96"]
[EventDate "2017.02.16"]
[EventType "tourn"]
[EventRounds "9"]
[EventCountry "BRA"]
[EventCategory "9"]
[SourceTitle "CBM 177 Extra"]
[Source "ChessBase"]
[SourceDate "2017.04.27"]
[SourceVersion "1"]
[SourceVersionDate "2017.04.27"]
[SourceQuality "1"]

1. e4 c5 2. Nf3 e6 3. d4 cxd4 4. Nxd4 a6 5. Bd3 Nf6 6. 0-0 Qc7 7. Qe2 d6 8. c4 g6 9. Nc3 Bg7 10. Nf3 0-0 11. Rd1 Nc6 12. h3 Nd7 13. Bf4 Bxc3 14. bxc3 f6 15. Nh2 e5 16. Be3 Nc5 17. Nf1 Na5 18. Bh6 Rd8 19. Ne3 Be6 20. Nd5 Bxd5 21. cxd5 b5 22. Rac1 Rac8 23. h4 Qf7 24. Qg4 Nxd3 25. Rxd3 Rc4 26. Rf3 Nb7 27. h5 f5 28. Qg5 Rxe4 29. Rg3 Rg4 30. Rxg4 fxg4 31. c4 b4 32. hxg6 Qxg6 33. Qh4 Rc8 34. Bd2 a5 35. Qe7 Qf7 36. Qg5+ Qg7 37. Qf5 Re8 38. Be3 g3 39. c5 dxc5 40. Rc4 e4 41. fxg3 Nd6 42. Qh5 Re5 43. Qe2 Nxc4 44. Qxc4 Qxg3 45. d6+ Kg7 46. Bf2 Qd3 47. Qc1 Qxd6 48. Qb2 Kf8 0-1

[Event "Florianopolis op 3rd"]
[Site "Florianopolis"]
[Date "2017.01.21"]
[Round "2"]
[White "Heinrichs, Vivian"]
[Black "Martins, Carlos"]
[Result "1/2-1/2"]
[WhiteElo "1985"]
[BlackElo "2277"]
[PlyCount "118"]
[EventDate "2017.01.20"]
[EventType "swiss"]
[EventRounds "10"]
[EventCountry "BRA"]
[SourceTitle "CBM 176 Extra"]
[Source "ChessBase"]
[SourceDate "2017.03.02"]
[SourceVersion "1"]
[SourceVersionDate "2017.03.02"]
[SourceQuality "1"]

1. e4 e6 2. d4 d5 3. e5 c5 4. c3 Nc6 5. Nf3 Qb6 6. a3 c4 7. Nbd2 Na5 8. g3 Bd7 9. Bg2 Ne7 10. 0-0 h6 11. Re1 Qc7 12. Rb1 Nc8 13. Qe2 Ba4 14. Nf1 Ne7 15. Nh4 g5 16. Nf3 Ng6 17. Kh1 Be7 18. h3 0-0-0 19. N3h2 Rdg8 20. Bf3 h5 21. Bxh5 Bc2 22. Qxc2 Rxh5 23. Kg2 Rgh8 24. Nf3 Qd8 25. Ng1 Qg8 26. Qa4 Bd8 27. Be3 Nf4+ 28. Bxf4 gxf4 29. Qd1 Qh7 30. Qg4 fxg3 31. fxg3 Rg8 32. Qf3 Rf5 33. Qd1 Bh4 34. Re3 Nb3 35. Nf3 Be7 36. Qe1 Rh8 37. Ng1 Rxf1 38. Kxf1 Qxb1 39. Qxb1 Nd2+ 40. Kg2 Nxb1 41. Nf3 Rh7 42. a4 b6 43. Re1 Nxc3 44. bxc3 Kb7 45. Rb1 Kc6 46. g4 a6 47. Kg3 b5 48. axb5+ axb5 49. g5 b4 50. cxb4 Kb5 51. h4 c3 52. Kg4 Rh8 53. Kf4 Bxb4 54. Ke3 Kc4 55. Rc1 Ba3 56. Rc2 Kb3 57. Kd3 Bb4 58. Rh2 Rc8 59. Ne1 Rh8 1/2-1/2

[Event "Florianopolis op 3rd"]
[Site "Florianopolis"]
[Date "2017.01.20"]
[Round "1"]
[White "Reichert, Thiago da Cruz"]
[Black "Heinrichs, Vivian"]
[Result "1-0"]
[WhiteElo "1980"]
[BlackElo "1985"]
[PlyCount "110"]
[EventDate "2017.01.20"]
[EventType "swiss"]
[EventRounds "10"]
[EventCountry "BRA"]
[SourceTitle "CBM 176 Extra"]
[Source "ChessBase"]
[SourceDate "2017.03.02"]
[SourceVersion "1"]
[SourceVersionDate "2017.03.02"]
[SourceQuality "1"]

1. d4 Nf6 2. c4 e6 3. Nf3 Bb4+ 4. Bd2 c5 5. Bxb4 cxb4 6. Nbd2 0-0 7. e4 d6 8. Bd3 Qc7 9. 0-0 e5 10. h3 a5 11. Rc1 b6 12. Re1 Qe7 13. Nf1 Nc6 14. Bb1 Nh5 15. Ne3 Nf4 16. Nd5 Qd8 17. Qd2 Ne6 18. dxe5 dxe5 19. Qe3 Rb8 20. Bc2 f6 21. Bb3 Kh8 22. Nh4 Ncd4 23. Red1 Qe8 24. Nf3 Nxf3+ 25. Qxf3 Nd4 26. Qe3 Qh5 27. Rd2 Be6 28. Nc7 Rfc8 29. Nxe6 Nxe6 30. Rd7 Nd4 31. Bd1 Qe8 32. Ra7 Ra8 33. Rxa8 Rxa8 34. b3 Rc8 35. Bg4 Rc6 36. Rd1 Rd6 37. g3 Qd8 38. Kg2 Qa8 39. Rc1 Qc6 40. Kh2 Qc7 41. h4 Rc6 42. Rf1 b5 43. cxb5 Nxb5 44. Be2 Nd4 45. Bc4 Qd8 46. Rg1 Rc7 47. Kg2 Rd7 48. Bd5 Rc7 49. Bc4 Qc8 50. f4 exf4 51. Qxd4 fxg3 52. Be6 Rc2+ 53. Kxg3 Qc7+ 54. e5 fxe5 55. Qe4 Qd8 1-0